Southville International School and Colleges
Your cart is empty.
  • Cart
  • Lists
    Public lists Eva Luna New books Lux_list list_1
    Your lists Log in to create your own lists
  • Log in to your account
  • Your cookies
  • Search history
Southville International School and Colleges
  • Advanced search
  • Recent comments
  • Most popular
  • Libraries

Log in to your account

Log in with GOOGLE


If you do not have an external account, but do have a local account, you can still log in:

  1. Home
  2. MARC view: Crisis and story :
Normal view MARC view ISBD view

Crisis and story : (Record no. 109939)

[ view plain ]
MARC details
000 -LEADER
fixed length control field 00487nam a2200169 a 4500
001 - CONTROL NUMBER
control field 1650
005 - DATE AND TIME OF LATEST TRANSACTION
control field 20140414131846.0
008 - FIXED-LENGTH DATA ELEMENTS--GENERAL INFORMATION
fixed length control field 001117s19uu xx 00 eng d
020 ## - INTERNATIONAL STANDARD BOOK NUMBER
International Standard Book Number 0-874844371
050 ## - LIBRARY OF CONGRESS CALL NUMBER
Classification number M 221.6
Item number H88 1979
100 ## - MAIN ENTRY--PERSONAL NAME
Personal name Humphrey, W. Lee.
245 ## - TITLE STATEMENT
Title Crisis and story :
Remainder of title introduction to the Old Testament /
Statement of responsibility, etc W. Lee Humphreys.
260 ## - PUBLICATION, DISTRIBUTION, ETC. (IMPRINT)
Place of publication, distribution, etc Palo Alto, CA :
Name of publisher, distributor, etc Mayfield,
Date of publication, distribution, etc 1979.
300 ## - PHYSICAL DESCRIPTION
Extent 313 p. ; cm.
650 ## - SUBJECT ADDED ENTRY--TOPICAL TERM
Topical term or geographic name as entry element Bible - O. T. - Textbooks.
Holdings
Withdrawn status Lost status Damaged status Use restrictions Home library Current library Shelving location Date acquired Source of acquisition Total Checkouts Full call number Barcode Date last seen Price effective from Koha item type
        Munich Library Munich Library Main Section 12/22/2004     M 221.6 H88 1979 M0141 04/14/2014 04/14/2014 Books

Crisis and story :

APA

Humphrey W. L., . (1979). Crisis and story. Palo Alto, CA: Mayfield.

Chicago

Humphrey W Lee, . 1979. Crisis and story. Palo Alto, CA: Mayfield.

Harvard

Humphrey W. L., . (1979). Crisis and story. Palo Alto, CA: Mayfield.

MLA

Humphrey W Lee, . Crisis and story. Palo Alto, CA: Mayfield. 1979.

  • Place hold
  • Print
  • Cite
  • Add to your cart (remove)
  • Save record
    BIBTEX Dublin Core MARCXML MARC (non-Unicode/MARC-8) MARC (Unicode/UTF-8) MARC (Unicode/UTF-8, Standard) MODS (XML) RIS
  • More searches
    Search for this title in:
    Other Libraries (WorldCat) Other Databases (Google Scholar) Online Stores (Bookfinder.com) Open Library (openlibrary.org)

Exporting to Dublin Core...

SOUTHVILLE LIBRARY

Southville International School and Colleges Library

1281 Tropical Ave. Cor. Luxembourg St., BF Homes International, Las Pinas City

Tel. No. 8256374 / 252358 Loc. 117/146

Powered by Koha